000 01088cam a2200229 4500
001 J122637
008 030618n2003 000 0 eng u
035 _a(Sirsi) u122637
041 _aeng
050 _a711.52
_c18
110 _aRoyal Institution of Chartered Surveyors
_bPlanning and Development Faculty Annual Conference (
_d2003)
_94467
245 _aPlanning for regeneration in our towns and cities
_v[videorecording]
260 _aLondon
_bRICS
_c2003
490 _aRICS Multimedia Presentations
490 _aRICS Planning and Development Faculty Conference
520 _aVideo of presentations made at the 2003 RICS Planning and Development Faculty annual conference held 1 April 2003, including the keynote address given by Lord Heseltine, Former Deputy Prime Minister and SoS Environment.
650 _aURBAN REGENERATION
690 _aENVIRONMENTAL AND LAND CONSULTANCY-PLANNING AND DEVELOPMENT
710 _aRoyal Institution of Chartered Surveyors
_bPlanning and Development Faculty
_94351
710 _aRoyal Institution of Chartered Surveyors
_94900
942 _n0
999 _c102891
_d102891